| 000 | 00745cam a22002531 4500 | ||
|---|---|---|---|
| 001 | 35331 | ||
| 003 | BD-RjUL | ||
| 005 | 20211209052313.0 | ||
| 008 | 140522s1952 nyua b 000 0 eng | ||
| 035 | _a(BD-RjUL)35425 | ||
| 040 |
_aDLC _cOClU _dOCoLC _dUk _dDLC _bBD-RjUL |
||
| 082 |
_a658.562 _bGRS 1952 |
||
| 100 | 1 |
_aGrant, Eugene Lodewick, _d1897- _95648 |
|
| 245 | 1 | 0 | _aStatistical quality control / |
| 250 | _a2d ed. | ||
| 260 |
_aNew York : _bMcGraw-Hill ; _c1952. |
||
| 300 |
_a557 p. : _billus. ; _c24 cm. |
||
| 490 | 0 | _aMcGraw-Hill industrial organization and management series | |
| 504 | _aIncludes bibliography. | ||
| 650 | 0 |
_aQuality control. _9107628 |
|
| 942 |
_2ddc _cBK |
||
| 999 |
_c35331 _d35331 |
||